| 000 | 00653cab a2200253 4500 | ||
|---|---|---|---|
| 001 | ABS50270 | ||
| 008 | 090401t1994 xxu||||| |||| 00| 0 eng d | ||
| 035 | _a(Sirsi) u74986 | ||
| 041 | _aeng | ||
| 245 | _aEstates Times survey: Merseyside | ||
| 260 | _c1994 | ||
| 350 | _a0 | ||
| 490 |
_aEstates Times _v(1224) 4 March 1994, 24-29(6) |
||
| 650 | _aAIRPORTS | ||
| 650 | _aDEVELOPMENT CORPORATIONS | ||
| 650 | _aKIRKBY | ||
| 650 | _aLIVERPOOL | ||
| 650 | _aMERSEY PARTNERSHIP | ||
| 650 | _aMERSEYSIDE | ||
| 650 | _aSPEKE AIRPORT | ||
| 690 | _aPROPERTY-COMMERCIAL PROPERTY-COMMERCIAL PROPERTY MARKET | ||
| 942 | _n0 | ||
| 948 | _c04/03/1997 | ||
| 999 |
_c47244 _d47244 |
||